La industria del tractor /

Guardado en:
Autor Principal: Basco, Juan I.
Autor Corporativo: Banco Central de la República Argentina. Centro de Estudios Monetarios y Bancarios.
Formato: Libro
Idioma:Spanish
Publicado: Buenos Aires : BCRA, 1981.
Series:Trabajos Metodológicos y Sectoriales
Materias:
Etiquetas: Agregar Etiqueta
Sin Etiquetas, Sea el primero en etiquetar este registro!
LEADER 00630nam a22001935a 4500
001 EEO.bibeco007708
003 AR-BaUEB
005 20110412134610.0
008 080718s1981####ag#d##########000#0#spa#d
245 1 3 |a La industria del tractor /  |c Juan I. Basco. 
260 |a Buenos Aires :  |b BCRA,  |c 1981. 
300 |a 43 p. 
490 1 |a Trabajos Metodológicos y Sectoriales 
100 1 |a Basco, Juan I. 
110 2 |a Banco Central de la República Argentina.  |b Centro de Estudios Monetarios y Bancarios. 
082 0 4 |a I-BCRA-TM17 
653 |a Sector industrial 
653 |a Tractores 
859 |a AR-BaUEB  |b BIB. ECONOMIA - General  |h I-BCRA-TM17  |p e10619